书目信息 |
| 题名: |
大学英语阅读教程
|
|
| 作者: | 李庆明 总主编 ;丁西亚 主编 | |
| 分册: | II | |
| 出版信息: | 西安 西北工业大学出版社 2008.07 |
|
| 页数: | 141页 | |
| 开本: | 26cm | |
| 丛书名: | ||
| 单 册: | ||
| 中图分类: | H319.4 | |
| 科图分类: | ||
| 主题词: | 英语--ying yu--阅读教学--高等学校--教材 | |
| 电子资源: | ||
| ISBN: | 978-7-5612-2416-8 | |
| 000 | 01097nam0 2200277 450 | |
| 001 | 012009827387 | |
| 005 | 20090505153839.98 | |
| 010 | @a978-7-5612-2416-8@dCNY24.00 (含光盘) | |
| 010 | @a978-7-900701-64-0@b光盘 | |
| 100 | @a20090505d2008 em y0chi0120 ea | |
| 101 | 0 | @achi@aeng |
| 102 | @aCN@b610000 | |
| 105 | @ay z 000yy | |
| 106 | @ar | |
| 200 | 1 | @a大学英语阅读教程@Ada xue ying yu yue du jiao cheng@d= College English reading coures@hII@f李庆明总主编@Fli qing ming zong zhu bian@g丁西亚主编@Gding xi ya zhu bian@zeng |
| 210 | @a西安@c西北工业大学出版社@d2008.07 | |
| 215 | @a141页@d26cm@e光盘1片 | |
| 300 | @a普通高等院校大学英语“十一五”重点规划教材 | |
| 330 | @a本书含有有12个单元,每单元均包含4篇文章:1篇快速阅读、1篇选词填空仔细阅读、2篇多项选择仔细阅读,并配有词汇、注释及其练习。 | |
| 510 | 1 | @aCollege English reading coures@zeng |
| 606 | 0 | @a英语@Aying yu@x阅读教学@x高等学校@j教材 |
| 690 | @aH319.4@v4 | |
| 701 | 0 | @a李庆明@Ali qing ming@4总主编 |
| 702 | 0 | @a丁西亚@Ading xi ya@4主编 |
| 801 | 0 | @aCN@bQSSK@c20090505 |
| 905 | @b742454-56@dH319.4@eL234:2@f3 | |
| 大学英语阅读教程= College English reading coures.II/李庆明总主编/丁西亚主编.-西安:西北工业大学出版社,2008.07 |
| 141页;26cm+光盘1片 |
| 普通高等院校大学英语“十一五”重点规划教材 |
| ISBN 978-7-5612-2416-8:CNY24.00 (含光盘) |
| 本书含有有12个单元,每单元均包含4篇文章:1篇快速阅读、1篇选词填空仔细阅读、2篇多项选择仔细阅读,并配有词汇、注释及其练习。 |
| ● |
| 相关链接 |
|
|
|
正题名:大学英语阅读教程
索取号:H319.4/L234:2
 
预约/预借
| 序号 | 登录号 | 条形码 | 馆藏地/架位号 | 状态 | 备注 |
| 1 | 742454 | 207424544 | 语言库209/209语言库 46排6列5层/ [索取号:H319.4/L234:2] | 在馆 | |
| 2 | 742455 | 207424553 | 语言库209/209语言库 46排6列5层/ [索取号:H319.4/L234:2] | 在馆 | |
| 3 | 742456 | 207424562 | 语言库209/209语言库 46排6列5层/ [索取号:H319.4/L234:2] | 在馆 |